| 000 | 00810 a2200229 4500 | ||
|---|---|---|---|
| 010 | _aENG-85272 | ||
| 020 |
_a8181770129 _c848.00 $76.00 |
||
| 035 | _aEN-68805 | ||
| 037 | _bD.B.Act / Pub | ||
| 082 | 1 | 4 | _a589.25 |
| 090 |
_c1943 _d1943 |
||
| 100 | 1 | _aDas, Kanad. | |
| 245 | 1 | 0 |
_aRussulaceae of Kumaon Himalaya _cKanad Das, J. R. Sharma. |
| 260 |
_aKolkata _bBotanical Survey of India, Ministry of Environment & Forests, _c2005. |
||
| 300 |
_a255 p. _bill. (some col.), 1 col. map ; _c25 cm. (Hb) |
||
| 500 | _aIncludes bibliographical references and index | ||
| 650 | 0 |
_aRussulaceae _zKumaun Himalaya. |
|
| 700 | 1 | _aSharma, J. R. | |
| 710 | 2 | _aBotanical Survey of India. | |
| 942 |
_adpl _cEN _k589.25 / DAS |
||
| 999 |
_c1911 _d1911 |
||